00493 2200181 4500001002100000005001500021008004100036020001800077035001900095041000700114082001000121090001700131100002300148700001600171245006100187260003500248300002800283INLIS00000000000065620220725115808220725||||||||| | ||| |||| || |  a979-489-081-2 0010-0722000656 aid0 a635.2 a635. 2 Har j0 aHariyanto, Bambang0 aIndo, Madjo00aJahe kerabat, budidaya, pengolahan dan prospek bisnisnya aJakartabPenebar Swadayac1990 aviii,103hlm.;Bil,;21 Cm